Nhân vật lịch sử Việt Nam cuối thể kỷ XIX đầu thế kỷ XX Sách tham khảo Quyển 2
TM tài liệu tham khảo tr. 254 - 256; Giới thiệu về tên tuổi, quê quán, thân thế, sự nghiệp, quá trình hoạt động cách mạng... của các nhân vật lịch sử như: Nguyễn Duy, Nguyễn Ngọc Thăng, Trần Xuân Hòa, Trương Định, Hồ Huân Nghiệp, Trương Quyê...
সংরক্ষণ করুন:
| প্রধান লেখক: | |
|---|---|
| বিন্যাস: | গ্রন্থ |
| ভাষা: | Undetermined |
| প্রকাশিত: |
H.
Quân đội Nhân Dân
2013
|
| বিষয়গুলি: |
Lịch sử Việt Nam
> Nhân vật
> Kháng chiến chống Pháp
> Sách tham khảo
> Cuối thế kỷ XIX đầu thế kỷ XX; Nhân vật lịch sử
> Kháng chiến chống Pháp
> Sách tham khảo
> Cuối thế kỷ XIX đầu thế kỷ XX; Kháng chiến chống Pháp
> Các cuội khởi nghĩa Nam Kỳ
> Sách tham khảo
> Việt Nam
> Cuối thế kỷ XIX đầu thế kỷ XX
|
| অনলাইন ব্যবহার করুন: | http://lrc.tdmu.edu.vn/opac/search/detail.asp?aID=2&ID=20334 |
| ট্যাগগুলো: |
ট্যাগ যুক্ত করুন
কোনো ট্যাগ নেই, প্রথমজন হিসাবে ট্যাগ করুন!
|
| Thư viện lưu trữ: | Trung tâm Học liệu Trường Đại học Thủ Dầu Một |
|---|
| LEADER | 01769nam a2200241Ia 4500 | ||
|---|---|---|---|
| 001 | TDMU_20334 | ||
| 008 | 210410s9999 xx 000 0 und d | ||
| 082 | |a 959.703092 | ||
| 090 | |b V500 | ||
| 100 | |a Vũ, Thanh Sơn | ||
| 245 | 0 | |a Nhân vật lịch sử Việt Nam cuối thể kỷ XIX đầu thế kỷ XX | |
| 245 | 0 | |b Sách tham khảo | |
| 245 | 0 | |c Vũ Thanh Sơn | |
| 245 | 0 | |n Quyển 2 | |
| 245 | 0 | |p Các cuộc khởi nghĩa ở Nam Kỳ | |
| 260 | |a H. | ||
| 260 | |b Quân đội Nhân Dân | ||
| 260 | |c 2013 | ||
| 300 | |a 258 tr | ||
| 520 | |a TM tài liệu tham khảo tr. 254 - 256; Giới thiệu về tên tuổi, quê quán, thân thế, sự nghiệp, quá trình hoạt động cách mạng... của các nhân vật lịch sử như: Nguyễn Duy, Nguyễn Ngọc Thăng, Trần Xuân Hòa, Trương Định, Hồ Huân Nghiệp, Trương Quyền...trong phong trào kháng chiến chống Pháp (tập này là các cuộc khởi nghĩa ở Nam Kỳ) trong khoảng cuối thế kỷ XIX đầu thế kỷ XX. | ||
| 650 | |a Lịch sử Việt Nam |x Nhân vật |x Kháng chiến chống Pháp |v Sách tham khảo |y Cuối thế kỷ XIX đầu thế kỷ XX; Nhân vật lịch sử |x Kháng chiến chống Pháp |v Sách tham khảo |y Cuối thế kỷ XIX đầu thế kỷ XX; Kháng chiến chống Pháp |x Các cuội khởi nghĩa Nam Kỳ |v Sách tham khảo |z Việt Nam |y Cuối thế kỷ XIX đầu thế kỷ XX | ||
| 856 | |u http://lrc.tdmu.edu.vn/opac/search/detail.asp?aID=2&ID=20334 | ||
| 980 | |a Trung tâm Học liệu Trường Đại học Thủ Dầu Một | ||